| 000 | 00356nam a2200145Ia 4500 | ||
|---|---|---|---|
| 008 | 191201s2010 xx 000 0 und d | ||
| 082 |
_a621.3822 _bPRD |
||
| 100 | _aProakis, John G | ||
| 245 | 0 | _aDigital Signal Processing | |
| 250 | _aRep. | ||
| 260 |
_aN.Delhi _bPearson Education _c2010 |
||
| 300 | _a1136 | ||
| 650 | _aB.Tech(ECE) | ||
| 942 |
_2ddc _cBK _05 |
||
| 999 |
_c3811 _d3811 |
||